Digital Image Processing (Record no. 594412)
[ view plain ]
| 000 -LEADER | |
|---|---|
| fixed length control field | 00417nam a22001577a 4500 |
| 020 ## - INTERNATIONAL STANDARD BOOK NUMBER | |
| International Standard Book Number | 9789332518469 |
| 040 ## - CATALOGING SOURCE | |
| Transcribing agency | NUST |
| 082 ## - DEWEY DECIMAL CLASSIFICATION NUMBER | |
| Classification number | 621.367 GON |
| 100 ## - MAIN ENTRY--PERSONAL NAME | |
| Personal name | Woods, Richard E |
| 9 (RLIN) | 55947 |
| 110 ## - MAIN ENTRY--CORPORATE NAME | |
| Corporate name or jurisdiction name as entry element | Gonzalez, Rafael C. |
| 9 (RLIN) | 111654 |
| 245 ## - TITLE STATEMENT | |
| Title | Digital Image Processing |
| 250 ## - EDITION STATEMENT | |
| Edition statement | 3rd Edition |
| 260 ## - PUBLICATION, DISTRIBUTION, ETC. | |
| Place of publication, distribution, etc. | India: |
| Name of publisher, distributor, etc. | Pearson, |
| Date of publication, distribution, etc. | 2014. |
| 650 ## - SUBJECT ADDED ENTRY--TOPICAL TERM | |
| Topical term or geographic name entry element | DCE TEXTBOOK DIGITAL IMAGE PROCESSING |
| 9 (RLIN) | 111655 |
| 942 ## - ADDED ENTRY ELEMENTS (KOHA) | |
| Source of classification or shelving scheme | |
| Koha item type | Text Books |
| Withdrawn status | Lost status | Source of classification or shelving scheme | Damaged status | Not for loan | Permanent Location | Current Location | Shelving location | Date acquired | Total Checkouts | Full call number | Barcode | Date last seen | Price effective from | Koha item type | Checked out | Date last checked out |
|---|---|---|---|---|---|---|---|---|---|---|---|---|---|---|---|---|
| College of Electrical & Mechanical Engineering (CEME) | College of Electrical & Mechanical Engineering (CEME) | Reference | 03/31/2023 | 621.367 GON | CEME-48544 | 03/31/2023 | 03/31/2023 | Text Books | ||||||||
| College of Electrical & Mechanical Engineering (CEME) | College of Electrical & Mechanical Engineering (CEME) | Reference | 03/31/2023 | 621.367 GON | CEME-48545 | 03/31/2023 | 03/31/2023 | Text Books | ||||||||
| College of Electrical & Mechanical Engineering (CEME) | College of Electrical & Mechanical Engineering (CEME) | Reference | 03/31/2023 | 621.367 GON | CEME-48546 | 03/31/2023 | 03/31/2023 | Text Books | ||||||||
| College of Electrical & Mechanical Engineering (CEME) | College of Electrical & Mechanical Engineering (CEME) | Reference | 03/31/2023 | 621.367 GON | CEME-48547 | 03/31/2023 | 03/31/2023 | Text Books | ||||||||
| College of Electrical & Mechanical Engineering (CEME) | College of Electrical & Mechanical Engineering (CEME) | Reference | 03/31/2023 | 1 | 621.367 GON | CEME-48548 | 12/08/2025 | 03/31/2023 | Text Books | 01/07/2026 | 12/08/2025 |
